| 000 | 01973nam a2200361 a 4500 | ||
|---|---|---|---|
| 001 | 60935 | ||
| 003 | BD-RjUL | ||
| 005 | 20211209080911.0 | ||
| 008 | 170104s1969 nyude b 100 0 eng d | ||
| 035 | _a(OCoLC)163848413 | ||
| 035 | _a(BD-RjUL)61059 | ||
| 035 | _a1020642 | ||
| 040 |
_aANL _beng _cANL _dABN:1 |
||
| 041 | _aeng | ||
| 082 | 0 | 4 |
_a305.30973 _bATA 1969 _223 |
| 110 | 2 |
_aAtlanta University. _9181740 |
|
| 245 | 1 | 4 | _aThe Atlanta University publications, nos. 12, 13, 14, 15 |
| 260 |
_aNew York : _bArno Press and the New York Times, _c1969 |
||
| 300 |
_a1 v. (various pagings) : _bill. ; _c24 cm. |
||
| 490 | 0 | _aThe American Negro--his history and literature | |
| 500 | _a"Reprinted from a copy in the Moorland-Spingarn Collection, Howard University." | ||
| 504 | _aIncludes bibliographical references. | ||
| 505 | 0 | 0 |
_tMortality among Negroes in cities -- _tSocial and physical condition of Negroes in cities -- _tThe Negro in business -- _tThe Negro church -- _tNotes on Negro crime particularly in Georgia -- _tThe health and physique of the Negro American -- _tThe Negro American family -- _tEfforts for social betterment among Negro Americans -- _tThe college-bred Negro American -- _tThe common school and the Negro American -- _tThe Negro American Artisan -- _tMorals and manners among Negro Americans. |
| 650 | 0 |
_aAfrican Americans _xSocial conditions _y20th century. _9181697 |
|
| 650 | 0 |
_aAfrican Americans _xEconomic conditions _y19th century. _9181698 |
|
| 650 | 0 |
_aAfrican Americans _xEconomic conditions _y20th century. _9181699 |
|
| 650 | 0 |
_aAfrican Americans _xEducation _xHistory _y19th century. _9181700 |
|
| 650 | 0 |
_aAfrican Americans _xEducation _xHistory _y20th century. _9181701 |
|
| 650 | 0 |
_aAfrican American universities and colleges _xHistory _y20th century. _9181702 |
|
| 650 | 0 |
_aAfrican American college graduates _xSocial conditions _y20th century. _9181703 |
|
| 830 | 0 |
_aAmerican Negro, his history and literature. _9181741 |
|
| 942 |
_2ddc _cBK |
||
| 999 |
_c60935 _d60935 |
||